000 00418nam a2200169Ia 4500
008 210210b1992 xxu||||| |||| 00| 0 eng d
020 _a8185392625
082 _a576.6483 SMIP
100 _aSMITH (Kenneth M).
245 _aPlant viruses. Ed 6.
250 _a
260 _aNew Delhi
_bUniversal Book Stall
_c1992
300 _aviii,241
650 _aPlant Viruses
690 _aMicrobiology
906 _a051212
999 _c100029
_d100029